Modern physics and solid state physics : Problems and solutions /

Saved in:
Bibliographic Details
Main Author: Pillai, S.O.
Format: Book (Paper)
Language:English
Published: New Delhi : New age international, 2008.
Tags: Add Tag
No Tags, Be the first to tag this record!
Institutions: Thư viện Trường Đại học Đà Lạt
LEADER 00664nam a2200277 4500
001 DLU090068724
005 ##20090513
040 # # |a DLU  |b vie 
041 # # |a eng 
044 # # |a in 
082 # # |a 530  |b PI-S 
100 # # |a Pillai, S.O. 
245 # # |a Modern physics and solid state physics :  |b Problems and solutions /  |c S.O. Pillai. 
260 # # |a New Delhi :  |b New age international,  |c 2008. 
300 # # |a x, 557 p. ;  |c 24 cm. 
923 # # |a 03/2009 
991 # # |a GT 
992 # # |a 616497 
994 # # |a DLU 
900 # # |a True 
911 # # |a Đào Thị Thu Huyền 
925 # # |a G 
926 # # |a A 
927 # # |a SH 
980 # # |a Thư viện Trường Đại học Đà Lạt